000 00746nam a2200217Ii 4500
003 JO-AjNU
008 230605s9999||||xx |||||||||||||| ||und||
017 _a8525
020 _a977-05-0719-X
040 _aJO-AjNU
_bara
_erda
_cJO-AjNU
041 _aara
050 1 4 _aLC3965 2011
100 3 _aالشريف، عبد الفتاح عبد المجيد,
_eauthor
_944647
245 0 0 _aالتربية الخاصة وبرامجها العلاجية
264 3 1 _aالقاهرة:مكتبة الأنجلو المصرية،2011
300 _a466ص
336 _atext
_btxt
_2rdacontent
337 _aunmediated
_bn
_2rdamedia
338 _avolume
_bnc
_2rdacarrier
650 4 _aعلم النفس التربوي-التربية الخاصة
_944648
999 _aA19293
_c22861
_d22861